[Event "SRB-chT quality"]
[Site "Belgrade"]
[Date "2010.10.30"]
[Round "10"]
[White "Gvozdenovic, Rade B"]
[Black "Radovanovic, Zoran V"]
[Result "1-0"]
[WhiteElo "2057"]
[BlackElo "2074"]
[PlyCount "68"]
[EventDate "2010.10.09"]
[EventType "team-tourn"]
[EventRounds "11"]
[EventCountry "YUG"]
[SourceTitle "EXT 2011"]
[Source "ChessBase"]
[SourceDate "2010.11.26"]
[SourceVersion "1"]
[SourceVersionDate "2010.11.26"]
[SourceQuality "1"]

1. Nf3 Nf6 2. b3 d6 3. Bb2 e5 4. c4 Be7 5. Nc3 c5 6. e3 h6 7. d3 0-0 8. Be2 Nc6 9. 0-0 Bg4 10. a3 Qd7 11. Nd2 Bxe2 12. Qxe2 d5 13. cxd5 Nxd5 14. Rfd1 f5 15. Rac1 f4 16. Nce4 Rae8 17. Nxc5 Bxc5 18. Rxc5 Re7 19. b4 a6 20. Nf3 b6 21. Rcc1 Re6 22. e4 Nf6 23. d4 exd4 24. Nxd4 Nxd4 25. Rxd4 Qe7 26. f3 b5 27. Qc2 Ne8 28. Qb3 Kh8 29. Rc8 Rg8 30. Rdd8 Rd6 31. Rxd6 Qxd6 32. Qd5 Qxd5 33. exd5 Nd6 34. Rc6 Nc4 1-0

[Event "SRB-chT quality"]
[Site "Belgrade"]
[Date "2010.10.27"]
[Round "7"]
[White "Gvozdenovic, Rade B"]
[Black "Jocic, Slavoljub"]
[Result "1-0"]
[WhiteElo "2057"]
[BlackElo "2246"]
[PlyCount "119"]
[EventDate "2010.10.09"]
[EventType "team-tourn"]
[EventRounds "11"]
[EventCountry "YUG"]
[SourceTitle "EXT 2011"]
[Source "ChessBase"]
[SourceDate "2010.11.26"]
[SourceVersion "1"]
[SourceVersionDate "2010.11.26"]
[SourceQuality "1"]

1. c4 Nf6 2. Nc3 c6 3. Nf3 d5 4. e3 a6 5. b3 Nbd7 6. Ba3 Qa5 7. Qc1 b5 8. b4 Qd8 9. cxd5 cxd5 10. Bxb5 axb5 11. Nxb5 Qb6 12. Nc7+ Kd8 13. Nxa8 Qb8 14. Ng5 Ne5 15. Qc3 Nfd7 16. f4 h6 17. fxe5 hxg5 18. Rc1 Nxe5 19. Qxc8+ Qxc8 20. Rxc8+ Kxc8 21. Nb6+ Kb7 22. Nxd5 e6 23. Nc3 Nc4 24. Bc1 Bxb4 25. 0-0 f6 26. Ne4 Ra8 27. d3 Ne5 28. d4 Nc4 29. Rf2 Kc6 30. Re2 Kd5 31. Nf2 Ba3 32. Bd2 f5 33. Bc3 Bc1 34. e4+ fxe4 35. Nxe4 Be3+ 36. Nf2 Ra3 37. Bb4 Rd3 38. g3 Bxd4 39. Kg2 Ne3+ 40. Kh3 g4+ 41. Kh4 Ng2+ 42. Kxg4 Bxf2 43. Rxf2 Rd4+ 44. Kg5 Rxb4 45. Rxg2 e5 46. Re2 Rb6 47. Rd2+ Ke4 48. Rd7 Kf3 49. Rxg7 Re6 50. Rf7+ Kg2 51. Kf5 Re8 52. Ke4 Kxh2 53. g4 Kg3 54. g5 Rg8 55. Rf1 Kg4 56. Rg1+ Kh5 57. g6 Kh6 58. g7 Kh7 59. Kxe5 Kh6 60. Rh1+ 1-0

[Event "SRB-chT quality"]
[Site "Belgrade"]
[Date "2010.10.24"]
[Round "6"]
[White "Gvozdenovic, Rade B"]
[Black "Pavlovic, Slobodan"]
[Result "1/2-1/2"]
[WhiteElo "2057"]
[BlackElo "2154"]
[PlyCount "91"]
[EventDate "2010.10.09"]
[EventType "team-tourn"]
[EventRounds "11"]
[EventCountry "YUG"]
[SourceTitle "EXT 2011"]
[Source "ChessBase"]
[SourceDate "2010.11.26"]
[SourceVersion "1"]
[SourceVersionDate "2010.11.26"]
[SourceQuality "1"]

1. c4 f5 2. g3 Nf6 3. Bg2 e5 4. d4 exd4 5. Qxd4 Be7 6. Nh3 0-0 7. 0-0 Nc6 8. Qd1 d6 9. Nc3 Kh8 10. Nf4 Ne5 11. Ncd5 Nxc4 12. Qc2 Nxd5 13. Nxd5 Nb6 14. Nxc7 Rb8 15. Be3 Bd7 16. Rac1 Nc8 17. Rfd1 b5 18. Na6 Rb6 19. Bxb6 Nxb6 20. Qc7 Qe8 21. Qxa7 Nc4 22. b3 Ne5 23. Rc7 f4 24. gxf4 Rxf4 25. Nb8 Bh4 26. Rf1 Be6 27. Rxg7 Bf7 28. Rg3 Bxg3 29. hxg3 Rf6 30. Na6 d5 31. Nb4 Ng4 32. e3 Qe5 33. Qd4 Qh5 34. Rc1 Qh2+ 35. Kf1 Qxg3 36. Nd3 Qh4 37. Rc6 Nxe3+ 38. Qxe3 Rxc6 39. Qe5+ Qf6 40. Qb8+ Kg7 41. Qxb5 Qa1+ 42. Ke2 Bh5+ 43. Ke3 Re6+ 44. Kd2 Qxa2+ 45. Kc3 Qa1+ 46. Kb4 1/2-1/2